Yesería y estuco / (Record no. 87960)

MARC details
000 -LEADER
campo de control de longitud fija 00564nam a2200181 i 4500
001 - NÚMERO DE CONTROL
campo de control 87960
003 - IDENTIFICADOR DE NÚMERO DE CONTROL
campo de control ES-MaACL
005 - FECHA Y HORA DE LA ÚLTIMA TRANSACCIÓN
campo de control 20230906175756.0
007 - CAMPO FIJO DE DESCRIPCIÓN FÍSICA--INFORMACIÓN GENERAL
campo de control de longitud fija t|
008 - DATOS DE LONGITUD FIJA--INFORMACIÓN GENERAL
campo de control de longitud fija 041229s1960 sp ||||1| spa d
100 1# - ENTRADA PRINCIPAL--NOMBRE DE PERSONA
Nombre de persona Lade, Karl.
9 (RLIN) 69431
245 10 - MENCIÓN DEL TÍTULO
Título Yesería y estuco /
Mención de responsabilidad, etc. por Karl Lade, Adolf Winkler ; traducción de Federico Armenter.
260 ## - PUBLICACIÓN, DISTRIBUCIÓN, ETC.
Lugar de publicación, distribución, etc. Barcelona :
Nombre del editor, distribuidor, etc. Gustavo Gili,
Fecha de publicación, distribución, etc. 1960.
300 ## - DESCRIPCIÓN FÍSICA
Extensión 419 p. :
Otras características físicas il. ;
Dimensiones 31 cm.
700 1# - ENTRADA AGREGADA--NOMBRE PERSONAL
Nombre de persona Armenter de Monasterio, Federico.
9 (RLIN) 22956
700 1# - ENTRADA AGREGADA--NOMBRE PERSONAL
Nombre de persona Winkler, Adolf.
9 (RLIN) 117086
852 ## - LOCALIZACIÓN
Ubicación ES-MaACL
Número de control de estantería C-19880
Sublocalización o colección R.47702
Holdings
Estatus retirado Estado de pérdida Estado de daño No para préstamo Biblioteca de origen Biblioteca actual Ubicación en estantería Fecha de adquisición Fuente de adquisición Total de préstamos Signatura topográfica completa Código de barras Visto por última vez Precio de reemplazo Tipo de ítem Koha
        Biblioteca del Ateneo de Madrid Biblioteca del Ateneo de Madrid Galería 17/01/2008     C-19880 1091884 23/02/2023 23/02/2023 Libro impreso